00377nam a2200133 4500020001800000082001900018245010300037260003500140300001000175650001600185650001100201650000900212700002200221 a9788119443192 aM 792.3bHAR/R aRamayanam koothu:bkoodiyattathe pattiyulla kozhikodan granthavari rekhakal/cby Haridas V V (ed.) aKozhikode:bAtma Books,c2023. a148p. aKoodiyattam aKoothu aArts aHaridas V V (ed.)